Taxonomie Pokémon - Canins - Statistiques

Statistiques générales
  • Ce quiz a été pris 181 fois
    66 depuis la dernière actualisation
  • Le résultat moyen est 43 sur 55
Statistiques - réponses
Type de quiz Pokémon % Correct
Feu Arcanin
100%
Feu Roche Arcanin de Hisui
100%
Feu Caninos
98%
Feu Roche Caninos de Hisui
98%
Ténèbres Feu Démolosse
94%
Ténèbres Feu Malosse
94%
Feu Feunard
92%
Glace Fée Feunard d'Alola
92%
Eau Aquali
89%
Normal Évoli
89%
Glace Givrali
89%
Feu Goupix
89%
Glace Goupix d'Alola
89%
Psy Mentali
89%
Ténèbres Noctali
89%
Plante Phyllali
89%
Feu Pyroli
89%
Électrik Voltali
89%
Électrik Dynavolt
87%
Électrik Élecsprint
87%
Normal Mastouffe
87%
Normal Ponchien
87%
Normal Ponchiot
87%
Fée Nymphali
85%
Roche Lougaroc
83%
Roche Rocabot
79%
Ténèbres Grahyena
77%
Ténèbres Medhyena
77%
Électrik Voltoutou
75%
Fée Granbull
74%
Combat Acier Lucario
74%
Combat Riolu
74%
Fée Snubbull
74%
Fée Pâtachiot
72%
Spectre Toutombe
72%
Feu Feunnec
70%
Fée Briochien
68%
Normal Couafarel
66%
Électrik Fulgudog
66%
Feu Psy Goupelin
66%
Feu Roussil
66%
Fée Zacian
66%
Fée Acier Zacian (Épée Suprême)
66%
Combat Zamazenta
66%
Combat Acier Zamazenta (Bouclier Suprême)
66%
Dragon Sol Zygarde (10%)
66%
Spectre Tomberro
64%
Ténèbres Dogrino
62%
Ténèbres Grondogue
62%
Ténèbres Goupilou
60%
Ténèbres Roublenard
60%
Ténèbres Zoroark
60%
Ténèbres Zorua
60%
Poison Combat Félicanis
58%
Normal Queulorior
42%
Aucun quiz correspondant
Distribution des résultats
% des personnes avec chaque résultat
Percentile par nombre de réponses
Votre historique - résultats
Vous n’avez pas pris ce quiz depuis la dernière actualisation